[Event "BL 0809 (Women)"]
[Site "Germany"]
[Date "2009.03.08"]
[Round "9.6"]
[White "Schmidt, Jade"]
[Black "Phenn, Colette"]
[Result "1-0"]
[WhiteElo "1982"]
[BlackElo "1618"]
[PlyCount "119"]
[EventDate "2008.11.08"]
[EventType "team-tourn"]
[EventRounds "11"]
[EventCountry "GER"]
[SourceTitle "EXT 2010"]
[Source "ChessBase"]
[SourceDate "2010.11.25"]
[SourceVersion "1"]
[SourceVersionDate "2010.11.25"]
[SourceQuality "1"]
[WhiteTeam "Hamburger SK (W)"]
[BlackTeam "Rodewisch (W)"]
[WhiteTeamCountry "GER"]
[BlackTeamCountry "GER"]

1. d4 d5 2. c4 e6 3. Nc3 c6 4. cxd5 exd5 5. Nf3 Bd6 6. Bg5 Ne7 7. e3 Qb6 8. Bxe7 Bxe7 9. Qc2 Na6 10. a3 Be6 11. Bd3 h6 12. 0-0 Bf6 13. Na4 Qc7 14. Rfc1 Nb8 15. b4 a6 16. Rab1 Nd7 17. Nc5 0-0 18. a4 Qc8 19. b5 axb5 20. axb5 Nxc5 21. Qxc5 Bd7 22. bxc6 Bxc6 23. Qb4 Qe6 24. Ra1 Be7 25. Qb2 Bd6 26. Bb5 Rxa1 27. Rxa1 Rc8 28. Bd3 Qe8 29. g3 Ra8 30. Nd2 Rxa1+ 31. Qxa1 b5 32. Qa6 Bf8 33. Nb3 g6 34. Na5 Bd7 35. Qb7 Bb4 36. Nb3 Bc6 37. Qa6 Kg7 38. Kg2 Bd7 39. Na5 Bc3 40. Nb3 b4 41. Qd6 Qc8 42. Nc5 Bh3+ 43. Kg1 Qg4 44. Bf1 Qd1 45. Qa6 Bxf1 46. Qxf1 Qxf1+ 47. Kxf1 f5 48. Ke2 Bb2 49. Ne6+ Kf7 50. Nf4 b3 51. Kd3 Ba3 52. Nxd5 g5 53. f3 Ke6 54. Nc3 Bc1 55. e4 fxe4+ 56. fxe4 Bb2 57. Na4 Ba3 58. g4 Ke7 59. Kc3 Bc1 60. Kxb3 1-0